| 000 | 01130nab a22002657a 4500 | ||
|---|---|---|---|
| 999 |
_c5310 _d5310 |
||
| 003 | OSt | ||
| 005 | 20250218105606.0 | ||
| 008 | 190603e xxum|||| |||| 00| 0 spa d | ||
| 040 | _cPJ-TDF | ||
| 100 |
_96362 _aBalducci, Carla Gabriela |
||
| 245 | 1 | 0 |
_aDirectivas médicas anticipadas en niños, niñas y adolescentes / _cCarla Gabriela Balducci. |
| 260 |
_cCiudad Autónoma de Buenos Aires : _aThomson Reuters La Ley, _b2024. |
||
| 300 | _ap. 5-13 | ||
| 500 | _aCita: TR LALEY AR/DOC/2767/2024. | ||
| 505 | _aSumario: I. Introducción.— II. Desarrollo.— III. Conclusiones. | ||
| 505 | _t¿Te interesa el texto completo? Solicitalo al correo: koha@justierradelfuego.gov.ar | ||
| 650 | 0 |
_9967 _aDERECHO DE FAMILIA |
|
| 650 | 0 |
_92741 _aDERECHOS DE LAS NIÑAS, NIÑOS Y ADOLESCENTES |
|
| 650 | 0 |
_91253 _aDERECHO A LA SALUD |
|
| 650 | 0 |
_94097 _aINTERES SUPERIOR DEL NIÑO |
|
| 650 | 0 |
_94378 _aDERECHO A SER OÍDO |
|
| 650 | 0 |
_95662 _aADOLESCENTES |
|
| 773 | 0 |
_02713 _93170 _dCiudad Autónoma de Buenos Aires : Thomson Reuters La Ley, 2015- _tRevista Código Civil y Comercial. Nº 6 - Diciembre 2024 |
|
| 942 |
_2udc _cANA |
||